| 000 | 00830nam a2200265Ia 4500 | ||
|---|---|---|---|
| 001 | 22005 | ||
| 005 | 20260320113333.0 | ||
| 008 | 260320s9999||||xx |||||||||||||| ||und|| | ||
| 020 | _a9783642089688 | ||
| 041 | _aING | ||
| 082 |
_a628.55 _bM63 |
||
| 100 |
_aMirsal, Ibrahim A., _eAUT |
||
| 245 | 0 |
_aSoil pollution : _borigin, monitoring & remediation |
|
| 246 |
_a _5 _b |
||
| 250 | _aSecond edition | ||
| 260 |
_aBerlin : _bSpringer, _c2008 |
||
| 300 |
_axv, 312 páginas : _bilustraciones, fotografías, tablas ; _c23 cm. _e |
||
| 440 |
_a _n _v |
||
| 650 | _aTCA | ||
| 653 | _aEcología; Contaminación del suelo | ||
| 654 | _aCIA | ||
| 700 |
_a _c |
||
| 856 |
_uhttps://0u20fmv9o-y-https-research-ebsco-com.itmsp.museknowledge.com/c/qxo6us/search _zVéase además: Base de datos EBSCOhost |
||
| 942 |
_cLIB _dJUS _fMAT _2ddc _n |
||
| 999 |
_c22005 _d22005 |
||